Cycling

Bibliographic Details
Main Author: Bailey, Donna
Format: Book
Published: Oxford : Heinemann , 1991
Series:My world
Subjects:

MARC

LEADER 00000cam a2200000 7i4500
001 0000002589
002 000002816
005 20060206.0
020 |a 0431003092 
090 0 0 |a 030   |b BAI 
100 1 |a Bailey, Donna 
245 1 0 |a Cycling   |c Donna Bailey 
260 |a Oxford :   |b Heinemann ,   |c 1991 
300 |a 32 p. :   |b ill. ;   |c 21 cm. 
490 0 |a My world 
650 0 0 |a Cycling   |x Juvenile literature 
999 |a 036283   |b BUKU   |c JUNIOR BOOKS   |e PERPUSTAKAAN KOMUNITI PETALING JAYA